Ngây thơ và phóng đãng = The count of castelfino

Tallennettuna:
Bibliografiset tiedot
Päätekijä: Hollis, Christina
Aineistotyyppi: Kirja
Kieli:Undetermined
Julkaistu: Hà Nội Hội nhà văn 2011
Aiheet:
Tagit: Lisää tagi
Ei tageja, Lisää ensimmäinen tagi!
Thư viện lưu trữ: Trung tâm Học liệu Trường Đại học Cần Thơ
LEADER 00686nam a2200217Ia 4500
001 CTU_181110
008 210402s9999 xx 000 0 und d
020 |c 27000 
082 |a 813.54 
082 |b H42 
100 |a Hollis, Christina 
245 0 |a Ngây thơ và phóng đãng = 
245 4 |b The count of castelfino 
245 0 |c Christina Hollis ; Thu Toàn (Dịch) 
260 |a Hà Nội 
260 |b Hội nhà văn 
260 |c 2011 
650 |a American literature,American fiction,Văn học Mỹ,Tiểu thuyết Mỹ 
650 |y 20th century,Thế kỷ 20 
904 |i Phượng 
980 |a Trung tâm Học liệu Trường Đại học Cần Thơ